000 00567nam a2200229Ia 4500
003 OSt
005 20221005122741.0
006 a|||||r|||| 00| 0
007 ta
008 221004b |||||||| |||| 00| 0 tam d
024 _a52226
037 _cTextual
040 _aCRL
_cCRL
_btam
041 _2tam
_atam
082 _aV2:51w72, 31J9
100 _aSivagnanam Au.
_9632545
245 0 _aKappalottia thamizhan
260 _c1959
650 _aHISTORY
942 _hV2:51w72, 31J9
_cTEXL
_2cc
999 _c1045256
_d1045256